00867nam a2200217 i 450000100060000000300090000600500170001500700030003200800410003510000240007624500950010026000770019530000280027249000570030050000280035770000390038583000650042485200220048999900170051195201210052876082ES-MaACL20250815062638.0t|040929q1930 sp ||||1| spa d1 aGreen, J. R.95984210aHistoria del pueblo inglés / cpor J.R. Green ; traducido por Edmundo González-Blanco. aMadrid : bLa España Moderna, c[1930?] (fHijos de M. G. Hernández) a3 t. en 2 v. ; c22 cm.1 aBiblioteca de jurisprudencia, filosofía e historia aT. 2º, 4º y último.1 aGonzález-Blanco, Edmundo.95846200aBiblioteca de jurisprudencia, filosofía e historia9180691 aES-MaACLjC-73012 c76082d76082 00104070aATENEOMbATENEOMcSPALd2008-01-17eSCl0oC-73012p1079624r2023-02-23 00:00:00w2023-02-23yMONOGRAFIA